Derecho Procesal y justicia laboral

Na minha lista:
Detalhes bibliográficos
Autor principal: Orellana Torres, Fernando (autor)
Outros Autores: Pérez Ragone, Álvaro J. (autor)
Formato: Livro
Idioma:espanhol
Publicado em: Santiago Librotecnia 2013
Edição:1a. ed
Assuntos:
Tags: Adicionar Tag
Sem tags, seja o primeiro a adicionar uma tag!

MARC

LEADER 00000cam a2200000 a 4500
001 UCF8279
003 CL-VaPUC
008 130808e20130000cl |||||||||||||||||spa|d
020 |a 9789563270860 
082 0 4 |a 347.83  |b ORE  |2 21 
100 |a Orellana Torres, Fernando  |e autor  |9 570392 
700 |a Pérez Ragone, Álvaro J.  |e autor  |9 518956 
245 1 0 |a Derecho Procesal y justicia laboral 
250 |a 1a. ed 
300 |a 380 p 
942 |c BK 
945 |d 20130808 11:33:00  |a dcastane 
260 |a Santiago  |b Librotecnia  |c 2013 
650 0 |a Derecho procesal penal  |9 255496 
650 0 |a Actos procesales  |9 336544 
650 0 |a Procedimiento laboral  |9 256714 
650 7 |a DERECHO LABORAL  |2 CL-VaPUC  |9 15 
583 |a last modification  |c 20170803 01:13:21  |k Rodrigo Vera 
999 |c 352899  |d 352897 
952 |0 0  |1 0  |4 0  |6 347_830000000000000_ORE_2013  |7 0  |8 A  |9 457669  |a BIBDER  |b BIBDER  |d 2019-11-22  |i 4994906  |l 1  |o 347.83 ORE 2013  |p 4994906  |r 2023-01-25  |s 2022-06-29  |w 2019-11-22  |y BK  |k DER 
952 |0 0  |1 0  |3 erb  |4 0  |6 347_830000000000000_ORE_2013  |7 0  |8 A  |9 457670  |a BIBDER  |b BIBDER  |d 2019-11-22  |i 5022568  |l 4  |o 347.83 ORE 2013  |p 5022568  |r 2023-12-12  |s 2023-12-06  |w 2019-11-22  |y BK  |z Catalogado en:20131018  |k DER 
952 |0 0  |1 0  |3 erb  |4 0  |6 347_830000000000000_ORE_2013  |7 0  |8 A  |9 457671  |a BIBDER  |b BIBDER  |d 2019-11-22  |i 5022576  |l 2  |m 4  |o 347.83 ORE 2013  |p 5022576  |q 2025-07-31  |r 2020-03-04  |s 2020-03-04  |w 2019-11-22  |y BK  |z Catalogado en:20131018  |k DER